01727cam a2200289 i 450000100090000000300060000900500170001500800410003201000170007302000230009004000280011304200080014105000250014908200210017410000520019524501450024726400330039230000230042533600260044833700280047433800270050250000200052950506330054965000500118265000480123277601570128019766812GBCCL20241126110714.0170702s2018 ilu 001 0deng  a 2017031557 a9781433557866 (hc) aDLCbengcDLCerdadDLC apcc00aBV4647.H67bB88 201800a241.671223bBUT1 aButterfield, Rosaria Champagne,d1962-eauthor.14aThe Gospel comes with a house key :bpracticing radically ordinary hospitality in our post-Christian world /cRosaria Champagne Butterfield. 1aWheaton :bCrossway,c[2018] a240 pages ;c23 cm atextbtxt2rdacontent aunmediatedbn2rdamedia avolumebnc2rdacarrier aIncludes index.0 aRadically ordinary hospitality -- Priceless: the merit of hospitality -- The Jesus paradox: the vitality of hospitality -- Our post Christian world: the kindness of hospitality -- God never gets the address wrong: the providence of hospitality -- The Gospel comes with a house key: the seal of hospitality -- Judas in the church: the borderland of hospitality -- Giving up the ghosts: the lamentation of hospitality -- The daily grind: the basics of hospitality -- Blessed are the merciful: the hope of hospitality -- Walking the Emmaus Road: the future of hospitality -- Feeding the 5000: the nuts and bolts and beans and rice. 0aHospitalityxReligious aspectsxChristianity. 0aStrangersxReligious aspectsxChristianity.08iOnline version:aButterfield, Rosaria Champagne, 1962- author.tGospel comes with a house keydWheaton : Crossway, 2018z9781433557873w(DLC) 2018000815